La i tiene su punto / (Record no. 177701)

MARC details
000 -CABECERA
campo de control de longitud fija 00718nam a2200229 u 4500
005 - FECHA Y HORA DE LA ÚLTIMA TRANSACCIÓN
campo de control 20240831063805.0
008 - ELEMENTOS DE LONGITUD FIJA--INFORMACIÓN GENERAL
campo de control de longitud fija 150903s2010 es r 000 0 spa d
020 ## - NÚMERO INTERNACIONAL NORMALIZADO PARA LIBROS
Número Internacional Estándar del Libro 9788496870307
035 ## - NÚMERO DE CONTROL DEL SISTEMA
Número de control de sistema UPN01000205600
049 ## - COLECCIÓN
Colección I
050 #4 - SIGNATURA TOPOGRÁFICA DE LA BIBLIOTECA DEL CONGRESO
Número de clasificación PZ78
Número de documento/Ítem I9.4
100 1# - ASIENTO PRINCIPAL--NOMBRE PERSONAL
Nombre de persona Izquierdo Jurado, Francisco David,
Fechas asociadas al nombre 1979-
9 (RLIN) 38037
245 13 - MENCIÓN DE TÍTULO
Título La i tiene su punto /
Mención de responsabilidad, etc. Francisco David Izquierdo Jurado ; il. Silvia Alvarez Castellar.
260 ## - PUBLICACIÓN, DISTRIBUCIÓN, ETC.
Lugar de publicación, distribución, etc. Madrid :
Nombre del editor, distribuidor, etc. Edimáter,
Fecha de publicación, distribución, etc. 2010.
300 ## - DESCRIPCIÓN FÍSICA
Extensión [20] p. :
Otras características físicas il. col.
440 #3 - MENCIÓN DE SERIE/ASIENTO SECUNDARIO--TÍTULO
Título La estrella bailarina ;
Designación de volumen o secuencia 3.
Nombre de parte o sección de la obra A partir de 4 años
650 #4 - ASIENTO SECUNDARIO DE MATERIA - TERMINO TEMATICO
Término de materia o nombre geográfico como elemento de entrada Cuentos infantiles españoles
9 (RLIN) 7725
650 #2 - ASIENTO SECUNDARIO DE MATERIA - TERMINO TEMATICO
Término de materia o nombre geográfico como elemento de entrada Letras
9 (RLIN) 23253
905 ## - TIPO DE MATERIAL
Tipo de material Infantil
Holdings
Estado de retiro Estado de pérdida Fuente del sistema de clasificación o colocación Estado dañado No para préstamo Código de colección Localización permanente Ubicación/localización actual Ubicación en estantería Fecha de adquisición Total de préstamos Clasificación Código de barras Fecha visto por última vez Número de copia Tipo de ítem Koha
    Library of Congress Classification     Infantil Bib. Gregorio Torres Quintero Bib. Gregorio Torres Quintero Sala infantil Planta baja 10/05/2023 3 PZ78I 9.4 306446 31/12/2020 1 Libro